| 000 | 00917nam a2200205Ia 4500 | ||
|---|---|---|---|
| 003 | Ost | ||
| 005 | 20260507075635.0 | ||
| 008 | 260507s9999||||xx |||||||||||||| ||und|| | ||
| 040 | _cfsecg | ||
| 041 | _aara | ||
| 082 | _a343.056 | ||
| 100 |
_aبوسقيعة، أحسن _eمؤلف |
||
| 245 | 0 |
_aالمنازعات الجمركية في ضوء الفقه واجتهاد القضاء والجديد في قانون الجمارك / _c أحسن بوسقيعة |
|
| 260 |
_aالجزائر: _bدار الحكمة للنشر, _c1997 |
||
| 300 |
_a432 صفحة؛ _bإيضاحات ؛ _c24 سم |
||
| 520 | _aالتجريم- معاينة الجرائم ومتابعتها- قمع الجرائم الإلكترونية- مسؤولية الأشخاص عن الجرائم الجمركية- المسؤولية المدينة- التضامن | ||
| 653 | _aالجمارك | ||
| 653 | _aالمنازعات | ||
| 942 | _cكتاب | ||
| 999 |
_c45289 _d45289 |
||